=LDR 00000nam 2200000 4500 =001 INLIS000000000021326 =005 20130612120207 =008 ***********************************Ind** =035 ##$$0010-061300000021326 =041 ##$$a Ind =082 ##$$a 808.83 =090 ##$$a 808.83, Fit m =100 ##$$a Fithri =245 ##$$a Mencari jalan ke hati bunda, Fithri =260 ##$$a 2002 $b Jakarta =300 ##$$a viii, 160 hlm, 21 cm =650 ##$$a Cerita pendek- kumpulan cerita =850 ##$$a NBPNMAT